[Event "Niedersachsen-ch U18"]
[Site "Rotenburg/Wuemme"]
[Date "2006.04.13"]
[Round "9"]
[White "Kleinschmidt, Rene"]
[Black "Van Akkeren, Arno"]
[Result "0-1"]
[WhiteElo "1717"]
[BlackElo "1834"]
[PlyCount "50"]
[EventDate "2006.04.08"]
[EventType "swiss"]
[EventRounds "9"]
[EventCountry "GER"]
[SourceTitle "EXT 2007"]
[Source "ChessBase"]
[SourceDate "2006.11.23"]
[SourceVersion "1"]
[SourceVersionDate "2006.11.23"]
[SourceQuality "1"]

1. e4 e5 2. Nf3 Nc6 3. Nc3 Bc5 4. Nxe5 Nxe5 5. d4 Bd6 6. dxe5 Bxe5 7. Bc4 d6 8. f4 Bxc3+ 9. bxc3 Qh4+ 10. g3 Qh3 11. Qd5 Nh6 12. Bb5+ c6 13. Bxc6+ bxc6 14. Qxc6+ Qd7 15. Qxa8 0-0 16. Qd5 Bb7 17. Qd4 Re8 18. 0-0 Rxe4 19. Qxa7 Qc6 20. Rb1 Bc8 21. Qb6 Qe8 22. Qxd6 Re2 23. Rb8 Ng4 24. Qc7 Rg2+ 25. Kxg2 Qe2+ 0-1

[Event "Niedersachsen-ch U18"]
[Site "Rotenburg/Wuemme"]
[Date "2006.04.09"]
[Round "2"]
[White "Kleinschmidt, Rene"]
[Black "Biller, Eugen"]
[Result "1/2-1/2"]
[WhiteElo "1717"]
[BlackElo "2020"]
[PlyCount "43"]
[EventDate "2006.04.08"]
[EventType "swiss"]
[EventRounds "9"]
[EventCountry "GER"]
[SourceTitle "EXT 2007"]
[Source "ChessBase"]
[SourceDate "2006.11.23"]
[SourceVersion "1"]
[SourceVersionDate "2006.11.23"]
[SourceQuality "1"]

1. e4 e6 2. d4 d5 3. Nd2 Nf6 4. e5 Nfd7 5. Bd3 c5 6. c3 Nc6 7. Ne2 cxd4 8. cxd4 f6 9. exf6 Qxf6 10. Nf3 Bd6 11. 0-0 0-0 12. Bg5 Qf7 13. Qc2 g6 14. Bh6 Re8 15. a3 e5 16. dxe5 Ndxe5 17. Nxe5 Nxe5 18. Bb5 Rd8 19. Bg5 Rf8 20. Bh6 Rd8 21. Bg5 Rf8 22. Bh6 1/2-1/2

[Event "GER-chT U16"]
[Site "Berlin"]
[Date "2005.12.27"]
[Round "1.3"]
[White "Rudolf, Sebastian"]
[Black "Kleinschmidt, Rene"]
[Result "1-0"]
[WhiteElo "1989"]
[BlackElo "1599"]
[PlyCount "65"]
[EventDate "2005.12.27"]
[EventType "team-swiss"]
[EventRounds "7"]
[EventCountry "GER"]
[SourceTitle "EXT 2022"]
[Source "ChessBase"]
[SourceDate "2021.10.06"]
[SourceVersion "1"]
[SourceVersionDate "2021.10.06"]
[SourceQuality "1"]
[WhiteTeam "Dresden SC 1898 U16"]
[BlackTeam "Nordhorn Blanke U16"]
[WhiteTeamCountry "GER"]
[BlackTeamCountry "GER"]

1. e4 c5 2. Nf3 Nc6 3. d4 cxd4 4. Nxd4 g6 5. Nc3 Bg7 6. Be3 Nf6 7. Bc4 0-0 8. Bb3 d6 9. f3 Bd7 10. Qd2 a6 11. 0-0-0 b5 12. g4 Rc8 13. h4 Na5 14. Kb1 Nc4 15. Bxc4 Rxc4 16. h5 b4 17. Nd5 Nxd5 18. exd5 a5 19. b3 Rc3 20. Bh6 e5 21. hxg6 fxg6 22. Bxg7 Rf7 23. Bxe5 dxe5 24. Ne6 Qe7 25. Ng5 Rg7 26. Rh4 a4 27. Rdh1 Bb5 28. d6 Qa7 29. Qd5+ Kh8 30. Qxe5 Kg8 31. Qd5+ Kh8 32. Qxb5 Rd7 33. Rxh7+ 1-0

[Event "Hengelo U16 op"]
[Site "Hengelo"]
[Date "2005.08.10"]
[Round "4"]
[White "Dekker, Matthijs"]
[Black "Kleinschmidt, Rene"]
[Result "0-1"]
[WhiteElo "1529"]
[BlackElo "1458"]
[PlyCount "160"]
[EventDate "2005.08.??"]
[EventType "swiss"]
[EventRounds "9"]
[EventCountry "NED"]
[SourceTitle "CBM 107 Extra"]
[Source "ChessBase"]
[SourceDate "2005.09.01"]
[SourceVersion "1"]
[SourceVersionDate "2005.09.01"]
[SourceQuality "1"]

1. e4 c5 2. Nf3 Nc6 3. d4 cxd4 4. Nxd4 g6 5. Nc3 Bg7 6. Be3 Nf6 7. f3 0-0 8. Bc4 Qb6 9. Bb3 Nxe4 10. Na4 Qa5+ 11. c3 Nf6 12. 0-0 d5 13. Nc2 e6 14. Nc5 Ne5 15. Bf2 Nfd7 16. Nxd7 Bxd7 17. Na3 b5 18. Nc2 Nc4 19. Rb1 Qc7 20. Re1 a5 21. Bxc4 bxc4 22. Nd4 a4 23. a3 Qb7 24. Nc2 Ra5 25. Nb4 Re8 26. f4 Qc7 27. g3 Qb7 28. Qd2 f6 29. Be3 e5 30. Rbd1 Bg4 31. Rb1 Bh3 32. Qf2 Rb5 33. Red1 Rd8 34. Rbc1 Bg4 35. Re1 Bf5 36. Red1 Bd3 37. Rd2 e4 38. Rdd1 Qd7 39. Bb6 Rb8 40. Be3 Qg4 41. Re1 h5 42. Kg2 Kf7 43. h3 Qe6 44. Rcd1 Rh8 45. h4 Qg4 46. Rc1 Rg8 47. Bd4 Bh6 48. Be3 Ke6 49. Bd4 Rb7 50. Kh2 Rf8 51. Rg1 Qe2 52. Qxe2 Bxe2 53. Rc2 Bf3 54. Be3 Rh7 55. Rd2 Rd8 56. Kh3 Bg4+ 57. Kh2 Bf8 58. Rf1 Rg7 59. Rg1 Rdd7 60. Bd4 Rg8 61. Be3 Be7 62. Rf1 Bf3 63. Rg1 g5 64. fxg5 fxg5 65. Bxg5 Bxg5 66. hxg5 Rxg5 67. Rc2 e3 68. Nc6 Kd6 69. Nd4 Bg4 70. Rcc1 e2 71. Rce1 Re5 72. Rg2 Rde7 73. Nb5+ Kc6 74. Nd4+ Kd7 75. Rf2 Re3 76. Rg2 Rd3 77. Kg1 Rd2 78. Rf2 Rxb2 79. Nf3 Bxf3 80. Rxf3 Rd2 0-1

[Event "Hengelo U16 op"]
[Site "Hengelo"]
[Date "2005.08.09"]
[Round "3"]
[White "Kleinschmidt, Rene"]
[Black "Gorter, Yme"]
[Result "0-1"]
[WhiteElo "1458"]
[BlackElo "1986"]
[PlyCount "54"]
[EventDate "2005.08.??"]
[EventType "swiss"]
[EventRounds "9"]
[EventCountry "NED"]
[SourceTitle "CBM 107 Extra"]
[Source "ChessBase"]
[SourceDate "2005.09.01"]
[SourceVersion "1"]
[SourceVersionDate "2005.09.01"]
[SourceQuality "1"]

1. e4 e5 2. Nf3 Nc6 3. Bc4 Nf6 4. d3 Bc5 5. c3 d6 6. b4 Bb6 7. a4 a5 8. b5 Ne7 9. 0-0 0-0 10. Nbd2 Bg4 11. Qb3 h6 12. h3 Bh5 13. Ba3 Qd7 14. Rfe1 Ng6 15. d4 Rfe8 16. Qc2 Nf4 17. Kf1 exd4 18. cxd4 Nxh3 19. gxh3 Qxh3+ 20. Ke2 Bxf3+ 21. Nxf3 Rxe4+ 22. Kd3 Qxf3+ 23. Re3 Rxd4+ 24. Kc3 Rxc4+ 25. Kxc4 Bxe3 26. fxe3 Qd5+ 27. Kc3 Qe5+ 0-1

[Event "GER-chT North U16"]
[Site "Syke"]
[Date "2004.09.17"]
[Round "3.3"]
[White "Laqua, Stefan"]
[Black "Kleinschmidt, Rene"]
[Result "0-1"]
[WhiteElo "1289"]
[BlackElo "1416"]
[PlyCount "124"]
[EventDate "2004.09.16"]
[EventType "team-swiss"]
[EventRounds "7"]
[EventCountry "GER"]
[SourceTitle "EXT 2006"]
[Source "ChessBase"]
[SourceDate "2005.11.24"]
[SourceVersion "1"]
[SourceVersionDate "2005.11.24"]
[SourceQuality "1"]

1. e4 c5 2. Nf3 Nc6 3. d4 cxd4 4. Nxd4 g6 5. Nc3 Bg7 6. Be3 Nf6 7. Bc4 Qa5 8. f3 Qb4 9. Bb3 Nh5 10. Nde2 0-0 11. Qd2 Na5 12. 0-0-0 Nxb3+ 13. cxb3 b6 14. Nd5 Qxd2+ 15. Rxd2 e6 16. Nc7 Rb8 17. Nb5 Rb7 18. Rhd1 a6 19. Nd6 Rc7+ 20. Kb1 b5 21. Nxc8 Rfxc8 22. Rxd7 Rc2 23. R7d2 R2c6 24. Nd4 Rd6 25. Nc2 Rxd2 26. Rxd2 Be5 27. g3 Nf6 28. a4 Kf8 29. axb5 axb5 30. Na3 Rb8 31. Kc1 Ke8 32. Bd4 Bxd4 33. Rxd4 Ke7 34. Kd2 h5 35. h4 Nd7 36. b4 Ne5 37. Ke2 Nc6 38. Rd3 Nxb4 39. Rb3 Nc6 40. Nxb5 Rxb5 41. Rxb5 Nd4+ 42. Kd3 Nxb5 43. Kc4 Nd6+ 44. Kc5 Kd7 45. b4 Kc7 46. b5 Nc8 47. g4 Nb6 48. gxh5 gxh5 49. f4 Nd7+ 50. Kd4 Kb6 51. Kc4 f6 52. f5 Ne5+ 53. Kb4 exf5 54. exf5 Nf3 55. Kc4 Nxh4 56. Kd4 Nxf5+ 57. Ke4 Nh6 58. Kf4 Kxb5 59. Kg3 Kc5 60. Kh4 Kd4 61. Kxh5 f5 62. Kg5 Ke4 0-1

[Event "Niedersachsen-chT U16"]
[Site "Verden"]
[Date "2004.05.20"]
[Round "1.3"]
[White "Kleinschmidt, Rene"]
[Black "Ahlers, Hendrik"]
[Result "0-1"]
[WhiteElo "1356"]
[BlackElo "1332"]
[PlyCount "104"]
[EventDate "2004.05.20"]
[EventType "team-tourn"]
[EventRounds "7"]
[EventCountry "GER"]
[SourceTitle "EXT 2005"]
[Source "ChessBase"]
[SourceDate "2004.11.15"]
[SourceVersion "1"]
[SourceVersionDate "2004.11.15"]
[SourceQuality "1"]
[WhiteTeam "01"]
[BlackTeam "03"]
[WhiteTeamCountry "GER"]
[BlackTeamCountry "GER"]

1. e4 e5 2. Nf3 Nc6 3. Bc4 Bc5 4. c3 Nf6 5. d3 h6 6. h3 d6 7. b4 Bb6 8. a4 a6 9. Nbd2 0-0 10. Bb2 Be6 11. Qb3 d5 12. exd5 Bxd5 13. 0-0 Bxc4 14. Qxc4 Nd7 15. Ne4 Ba7 16. Qb3 Nf6 17. Nxf6+ Qxf6 18. Rfe1 Rad8 19. Qc2 Qf5 20. Re4 f6 21. Rd1 Rd6 22. Re2 Rfd8 23. Red2 Ne7 24. Qb3+ Kh8 25. d4 exd4 26. Nxd4 Bxd4 27. Rxd4 Rxd4 28. Rxd4 Rxd4 29. cxd4 Nc6 30. Qc3 Kh7 31. f3 h5 32. Kf2 Kh6 33. Ke2 g5 34. g4 hxg4 35. hxg4 Qd5 36. Ke3 Kg7 37. Kd2 Qd6 38. b5 axb5 39. axb5 Na7 40. Qa5 Nc8 41. Kd3 b6 42. Qc3 Kg6 43. Qc6 Qxc6 44. bxc6 Ne7 45. Kc4 Nxc6 46. Kd5 Nb4+ 47. Ke6 Nd3 48. Bc3 b5 49. Kd5 b4 50. Ba1 b3 51. Kc6 b2 52. Bxb2 Nxb2 0-1

[Event "Niedersachsen-ch U16"]
[Site "Borkum"]
[Date "2004.04.06"]
[Round "5"]
[White "Kleinschmidt, Rene"]
[Black "Soellig, Robert Valentin"]
[Result "1-0"]
[WhiteElo "1328"]
[BlackElo "1087"]
[PlyCount "53"]
[EventDate "2004.04.??"]
[EventType "swiss"]
[EventRounds "9"]
[EventCountry "GER"]
[SourceTitle "EXT 2005"]
[Source "ChessBase"]
[SourceDate "2004.11.15"]
[SourceVersion "1"]
[SourceVersionDate "2004.11.15"]
[SourceQuality "1"]

1. e4 c5 2. g3 Nc6 3. Bg2 d6 4. Nc3 Nf6 5. Nge2 g6 6. d3 Bg7 7. f4 Bg4 8. h3 Bxe2 9. Qxe2 Nd4 10. Qf2 a6 11. Be3 Nc6 12. 0-0-0 b5 13. e5 Rc8 14. exf6 Bxf6 15. Ne2 Qb6 16. d4 Nd8 17. Rd2 e6 18. Rhd1 a5 19. Nc3 b4 20. Ne4 Be7 21. dxc5 dxc5 22. Nd6+ Bxd6 23. Rxd6 Qb8 24. Bxc5 Nb7 25. Bc6+ Kf8 26. Bxb7 Qxb7 27. Rd7+ 1-0

[Event "Niedersachsen-ch U16"]
[Site "Borkum"]
[Date "2004.04.03"]
[Round "1"]
[White "Raulf, Christopher"]
[Black "Kleinschmidt, Rene"]
[Result "1/2-1/2"]
[WhiteElo "1666"]
[BlackElo "1328"]
[PlyCount "116"]
[EventDate "2004.04.??"]
[EventType "swiss"]
[EventRounds "9"]
[EventCountry "GER"]
[SourceTitle "EXT 2005"]
[Source "ChessBase"]
[SourceDate "2004.11.15"]
[SourceVersion "1"]
[SourceVersionDate "2004.11.15"]
[SourceQuality "1"]

1. e4 c5 2. Nf3 Nc6 3. d4 cxd4 4. Nxd4 g6 5. Nc3 Bg7 6. Be3 Nf6 7. Bc4 0-0 8. Bb3 e6 9. Nxc6 bxc6 10. Bc5 Re8 11. Bd6 Qa5 12. e5 Ne4 13. Qd3 Nxd6 14. exd6 Ba6 15. Qe3 Rab8 16. 0-0-0 Rb7 17. Na4 Rd8 18. Nc5 Rb5 19. Nxa6 Qxa6 20. c3 Re5 21. Qf4 Rf5 22. Qd2 Rb8 23. Rhe1 Rb6 24. g4 Re5 25. f4 Rxe1 26. Rxe1 c5 27. Qf2 c4 28. Bc2 Qxa2 29. Bb1 Qa6 30. f5 Rxd6 31. Qg3 Qb6 32. h4 Qc5 33. h5 g5 34. Qf3 Qd5 35. Qxd5 Rxd5 36. Ba2 Rc5 37. fxe6 dxe6 38. Re4 f5 39. Rxc4 Rxc4 40. Bxc4 f4 41. Bxe6+ Kf8 42. Kd2 Ke7 43. Bf5 h6 44. b3 Kd6 45. Kd3 Kd5 46. b4 Kd6 47. c4 Be5 48. c5+ Kc6 49. Kc4 Bf6 50. Be4+ Kc7 51. b5 Be5 52. Kb4 Bd4 53. Kc4 Bf6 54. Kd5 Kd7 55. b6 axb6 56. cxb6 Kc8 57. Ke6 Bd4 58. Kf7 Bc5 1/2-1/2